000 006190000a22002050004500
003 LK-CoMWRAF
005 20231130122131.0
008 230817t1998 ||||| |||| 00| 0 eng d
020 _a9555800340
040 _aLK-CoMWRAF
_dLK-CoMWRAF
_eLK-CoMWRAF
041 _aeng
082 _a306.2
_bAHM
100 _aAhmed, Imtiaz
245 _aThe efficacy of the nation state in South Asia:
_bA post-nationalist critique
260 _aColombo:
_b International Centre for Ethnic Studies,
_c1998
300 _a81 p.
650 _aSouth Asia - Politics and Government
650 _aGlobalization - South Asia
942 _cBK
999 _c239
_d239